Малкъар адабияты (Запись № 13554531)
[ простой вид ]
| 000 -МАРКЕР | |
|---|---|
| контрольное поле | 01308nam0a2200277 4500 |
| 001 - ИДЕНТИФИКАТОР ЗАПИСИ | |
| контрольное поле | RU\NLR\BIBL_A\022726622 |
| 005 - ИДЕНТИФИКАТОР ВЕРСИИ | |
| контрольное поле | 20260215052759.0 |
| 010 ## - МЕЖДУНАРОДНЫЙ СТАНДАРТНЫЙ НОМЕР КНИГИ (ISBN) | |
| Номер (ISBN) | 978-5-7680-3089-6 |
| Тираж | 1500 |
| 035 ## - ДРУГИЕ СИСТЕМНЫЕ НОМЕРА | |
| Идентификатор записи | (NLR Aleph) 022726622 |
| 100 ## - ДАННЫЕ ОБЩЕЙ ОБРАБОТКИ | |
| Данные общей обработки | 20260212d2025 e y0rusy50 ca |
| 101 0# - ЯЗЫК РЕСУРСА | |
| Язык текста, звукозаписи и т.д. | балкарский, карачаево-балкарский, карачаевский |
| 102 ## - СТРАНА ПУБЛИКАЦИИ ИЛИ ПРОИЗВОДСТВА | |
| Страна публикации | российская федерация |
| 105 ## - ПОЛЕ КОДИРОВАННЫХ ДАННЫХ: ТЕКСТОВЫЕ МАТЕРИАЛЫ, МОНОГРАФИЧЕСКИЕ | |
| Кодированные данные о монографическом текстовом документе | c j 000yy |
| 200 1# - ЗАГЛАВИЕ И СВЕДЕНИЯ ОБ ОТВЕТСТВЕННОСТИ | |
| Основное заглавие | Малкъар адабияты |
| Сведения, относящиеся к заглавию | 11 класс |
| -- | битеулю билим берген учреждениялагъа дерслик |
| Первые сведения об ответственности | авт. Тёппеланы А. М., Толгурланы, З. Х., Мусукаланы С. А. и др. |
| 210 ## - ПУБЛИКАЦИЯ, РАСПРОСТРАНЕНИЕ И ДР. | |
| Место издания, распространения и т.д. | Нальчик |
| Имя издателя, распространителя и т. д. | Эльбрус |
| Дата издания, распространения и т.д. | 2025 |
| 215 ## - ФИЗИЧЕСКАЯ ХАРАКТЕРИСТИКА | |
| Специфическое обозначение материала и объем | 445,[1] с. |
| Другие сведения о физической характеристике | портр. |
| Размеры | 23 |
| 541 1# - ПЕРЕВОД ЗАГЛАВИЯ, СДЕЛАННЫЙ КАТАЛОГИЗАТОРОМ | |
| Заглавие | Балкарская литература |
| Сведения, относящиеся к заглавию | 11 кл. |
| -- | учеб. для общеобразоват. учреждений |
| Язык заглавия | русский |
| 606 1# - НАИМЕНОВАНИЕ ТЕМЫ КАК ПРЕДМЕТ | |
| Наименование темы | Балкарская литература |
| Формальный подзаголовок | Учебники для средней школы |
| Системный номер авторитетной/нормативной записи | 1078751 |
| Идентификатор авторитетной/нормативной записи | RU\NLR\AUTH\66102527 |
| 686 1# - ИНДЕКСЫ ДРУГИХ КЛАССИФИКАЦИЙ | |
| Индекс | Ш5(2=Ба) я72 |
| 701 #1 - ИМЯ ЛИЦА - АЛЬТЕРНАТИВНАЯ ОТВЕТСТВЕННОСТЬ | |
| Начальный элемент ввода | Тёппеланы |
| Часть имени, кроме начального элемента ввода | М. жашы А. |
| Даты | 1937-2010 |
| Расширение инициалов личного имени | Магомедни жашы Алим |
| Код отношения | Автор |
| 701 #1 - ИМЯ ЛИЦА - АЛЬТЕРНАТИВНАЯ ОТВЕТСТВЕННОСТЬ | |
| Начальный элемент ввода | Толгурланы |
| Часть имени, кроме начального элемента ввода | З. Х. |
| Даты | 1939-2016 |
| Код отношения | Автор |
| 701 #1 - ИМЯ ЛИЦА - АЛЬТЕРНАТИВНАЯ ОТВЕТСТВЕННОСТЬ | |
| Начальный элемент ввода | Мусукаланы |
| Часть имени, кроме начального элемента ввода | С. А. |
| Расширение инициалов личного имени | Сакинат А. |
| Код отношения | Автор |
| 942 ## - ДОПОЛНИТЕЛЬНЫЕ ЭЛЕМЕНТЫ ЗАПИСИ (АБИС) | |
| Тип экземпляра АБИС | Неопределено |
| 980 ## - КОЛЛЕКЦИЯ | |
| Название коллекции | Национальная библиография |
Нет доступных экземпляров.